000 00572nam a2200181 4500
001 115949
003 ES-MaACL
005 20250831063037.0
007 t|
008 061121s1973 sp r ||||1| spa d
100 1 _aOrtiz-Osés, Andrés,
_d1943-2021
_987635
245 1 0 _aAntropología hermenéutica
_b: para una filosofía del lenguaje del hombre actual /
_cAndrés Ortiz-Oses.
250 _aedición revisada.
260 _aMadrid :
_bAguilera,
_c1973.
300 _a144 p. ;
_c18 cm.
852 _aES-MaACL
_jC-53124
_bR.85588
999 _c115949
_d115949